| 000 | 00924nas a2200301 4500 | ||
|---|---|---|---|
| 001 | BR0502792 | ||
| 003 | BR-BrBNA | ||
| 005 | 20231205105438.0 | ||
| 007 | ta | ||
| 008 | 230509b bl.|||p| |||| 00| 00por d | ||
| 040 |
_aBR-BrBNA _bpor _cBiblioteca Nacional de Agricultura |
||
| 041 | _a(Pt) | ||
| 072 | _aF30; E21 | ||
| 100 | 1 | _aMelo, P.C.T. de | |
| 100 | 1 | _aVilela, N.J. | |
| 245 | 1 | _aDesafios e perspectivas para a cadeia brasileira do tomate para processamento industrial | |
| 650 | _aTOMATE | ||
| 650 | _aMELHORAMENTO GENÉTICO VEGETAL | ||
| 650 | _aINDUSTRIALIZAÇÃO | ||
| 650 | _aCONTROLE CULTURAL | ||
| 650 | _aCOLHEITA MECÂNICA | ||
| 650 | _aMÉTODO DE OTIMIZAÇÃO | ||
| 650 | _aQUALIDADE | ||
| 650 | _aGOIÁS | ||
| 773 | 0 |
_tHorticultura Brasileira (Brazil) _xISSN 0102-0536 _g(Jan-Mar 2005), v. 23(1) p. 154-157 _wBR0502792 |
|
| 909 |
_a202311 _bLúcia _c55 _dLúcia Elande |
||
| 942 |
_2AGRIS _n0 _cANA |
||
| 999 |
_c183004 _d183004 |
||